000 00464nam a22001697a 4500
005 20240831132431.0
008 240831b |||||||| |||| 00| 0 eng d
020 _a978-0-3678-9488-7
041 _aeng
082 _a615.19
100 _aFLORENCE, ALEXENDER T. AND SIEPMANN, JUERGEN
_98479
245 _aMODERN PHARMACEUTICS : BASIC PRINCIPLES AND ADVANCES [VOL-2]
260 _aNEW YORK
_bCRC PRESS
300 _a537; P
650 _aPHARMACY
942 _cBK
999 _c8607
_d8605